000 00739 a2200229 4500
003 OSt
005 20260129104516.0
008 120517t xxu||||| |||| 00| 0 eng d
010 _a 2001369632
020 _a1864700645
040 _c0
082 _a720.922
110 2 _aPerkins & Will.
_932819
245 1 0 _aPerkins & Will:
_bselected and current works.
260 _aVictoria :
_bImages Pub. Group,
_c2000.
300 _a256 p. :
_bill. (some col.) ;
_c31 cm.
440 4 _aThe Master architect series V
_932820
610 2 0 _aPerkins & Will
_932819
650 0 _aArchitecture
_zUnited States
_xHistory
_y20th century
_932294
942 _aSADA
_cBK
_k720.922 PER 2000
_2ddc
999 _c352529
_d352529